LEADER 03386nam 22005295 450 001 9910911287203321 005 20260330151027.0 010 $a9783031695384$b(electronic bk.) 010 $z9783031695377 024 7 $a10.1007/978-3-031-69538-4 035 $a(MiAaPQ)EBC31790089 035 $a(Au-PeEL)EBL31790089 035 $a(CKB)36649325700041 035 $a(DE-He213)978-3-031-69538-4 035 $a(EXLCZ)9936649325700041 100 $a20241122d2024 u| 0 101 0 $aeng 135 $aurcnu|||||||| 181 $ctxt$2rdacontent 182 $cc$2rdamedia 183 $acr$2rdacarrier 200 10$aAnatomy--Head and Neck $eA Pocket Book for the Clinician /$fby Andrew Zbar 205 $a1st ed. 2024. 210 1$aCham :$cSpringer Nature Switzerland :$cImprint: Springer,$d2024. 215 $a1 online resource (373 pages) 311 08$aPrint version: Zbar, Andrew Anatomy--Head and Neck Cham : Springer,c2025 9783031695377 327 $aThe Cervical Fasciae and the Triangles and Spaces of the Neck -- The Neck Viscera: Thyroid, Parathyroids and Salivary Glands -- The Prevertebral Muscles and the Cervical Plexus -- The Autonomic Nervous System of the Head and Neck -- The Skull and its Foraminae -- The Cranial Nerves and their Central Connexions -- The Infratemporal and Pterygopalatine Fossae -- The Arterial Circulation -- The Venous Drainage and Sinuses -- The Orbit -- The Nose and Paranasal Sinuses -- The Mouth and Palate -- The Pharynx -- The Larynx -- The Ear -- Relevant Developmental Embryology: An Overview. 330 $aThis book offers an easy-to-follow technique to better appreciate the anatomy of the head and neck providing a concise, accessible and well-illustrated pocketbook. It is aimed principally at undergraduate and postgraduate students of anatomy in a wide range of fields such as medicine, dentistry and the paramedical services that include physiotherapy, occupational therapy and the biological sciences. The book should prove useful for postgraduate trainees in general and specialist surgery, radiology and interventional and emergency medicine. Providing a style of teaching that is grounded in a clinical context, the book explains why the anatomy that has been learned actually matters. Relevant developmental and comparative anatomy is incorporated placing the subject in an historical context. The book is footnoted and includes pertinent references and multichoice questions at the end of each chapter. The anatomy conveyed is presented with simple line drawings designed to answer specific anatomical questions. Students are encouraged to reproduce these images with the view that if they can draw the anatomy of a region they will understand and remember it well. This book changes the way anatomy is taught using a short, practical guide to cover specific body regions. 606 $aSurgery 606 $aGeneral Surgery 606 $aAnatomia humana$2thub 606 $aCap$2thub 606 $aColl$2thub 608 $aLlibres electrònics$2thub 615 0$aSurgery. 615 14$aGeneral Surgery. 615 7$aAnatomia humana 615 7$aCap 615 7$aColl 676 $a617 700 $aZbar$b Andrew$01776965 801 0$bMiAaPQ 801 1$bMiAaPQ 801 2$bMiAaPQ 912 $a9910911287203321 996 $aAnatomy--Head and Neck$94296214 997 $aUNINA